| 000 | 00000nas 2200000za 4500 |
| 001 | 9.850047 |
| 003 | CaOODSP |
| 005 | 20221107154051 |
| 007 | cr ||||||||||| |
| 008 | 180115c20159999oncar p o f0 b0fre|d |
| 040 | |aCaOODSP|bfre |
| 043 | |an-cn-nk |
| 086 | 1 |aSG3-14F-PDF |
| 245 | 00|aAnalyse de l'environnement. |pNouveau-Brunswick |h[ressource électronique]. |
| 260 | |a[Ottawa] : |bService Canada, |c[2015]- |
| 310 | |aAnnuel |
| 362 | 1 |aParaît depuis printemps 2015. |
| 500 | |aPubl. aussi en anglais sous le titre : Environmental scan. New Brunswick. |
| 692 | 07|2gccst|aPensions |
| 692 | 07|2gccst|aStatistics |
| 710 | 1 |aCanada. |bService Canada. |
| 775 | 08|tEnvironmental scan. |w(CaOODSP)9.850046 |
| 780 | 00|tAnalyse environnementale. |w(CaOODSP)9.504208 |